000 00463nam a2200169Ia 4500
999 _c782
_d782
003 OSt
005 20210901103155.0
008 190216s9999||||xx |||||||||||||| ||und||
040 _coclc
082 _a297
_bALH/M
100 _a Al Hazihi, Halir Bin Habir
_98738
245 0 _aMasavau Al Akhlak /
_cHalir Bin Habir Al Hazihi
260 _bAl Awkaf K S A,
300 _a216p
650 _aArabic
942 _cBK
_2ddc
_h297
_iALH/M
_k297
_mALH/M